000 01571nam1a2200301 i 4500
001 RU\NLR\BIBL_A\012680921
005 20260408130901.0
035 _a(NLR Aleph) 012680921
090 _a12814767
_c12814767
100 _a20220111g20209999u y0rusy50 ca
101 0 _arus
102 _aRU
105 _a z y
181 0 _ai3
_baxxe
182 0 _an
200 1 _aСекреты методистов
_eсборник методических материалов
_fМинистерство культуры Российской Федерации, Государственный Российский Дом народного творчества имени В. Д. Поленова
_gсоставитель: Т. А. Синельникова
203 _aТекст
_bвизуальный
_cнепосредственный
210 _aМосква
_cГРДНТ им. В. Д. Поленова
_d2020
215 _d21
606 1 _aСамодеятельное изобразительное искусство
_jСборники
_yРоссийская Федерация
_92153266
_3RU\NLR\AUTH\661296514
686 1 _aЩ103(2)7-9я43
702 1 _aСинельникова
_bТ. А.
_gТатьяна Анатольевна
_4220
712 0 2 _4570
_aГосударственный российский дом народного творчества им. В. Д. Поленова
_cМосква
_3RU\NLR\AUTH\880505304
_9670524
852 _aNLR
_j2022-4/50
942 _cBOOK